00938 a2200193 45000010006000000050017000060080041000230030015000640400040000790800077001192450052001960200022002482640033002703000019003035050296003220410008006181000023006268560095006494105620260407155704.0260407a2007 arg spa dAR-UNSa-BCEJYS aAR-UNSa-BCEJYSbspacAR-UNSa-BCEJYS a336.77xCrédito. Función económica del crédito (Microcréditos)10aLa apertura de crédito como contrato bancario a978-950-894-633-1 1aBuenos Aires :bAD-HOCc2007 a271 p.c23 cm. a1. Introducción - 2. La apertura de crédito. Noción. Función económica - 3. Obligaciones de las partes - 4. Crédito pecuniario: utilizaciones más frecuentes - 5. El descuento bancario - 6. La apertura de crédito en el derecho comparado - 7. Apertura de crédito garantizada  aspa1 aAyerra, Eduardo P.41uhttps://biblioeco.unsa.edu.ar/pmb/images/libros/L126349.jpgyImagen de portadaqimage/jpeg